Les plus grandes villes du Moyen-Orient - Mort Subite - Statistiques

Statistiques générales
  • Ce quiz a été pris 113 fois
  • Le résultat moyen est 3 sur 10
Answers on the Grid
Answers color-coded by a green-red scale on the quiz's grid according to % correct below.
Dubaï
Ispahan
Mashhad
Tel Aviv
Jeddah
Le Caire
Riyad
Bagdad
Dammam
Ankara
La Mecque
Abu Dhabi
Téhéran
Istanbul
Alexandrie
Beyrouth
Médine
Karachi
 
Statistiques - réponses
Réponse % Correct
Dubaï
69%
Le Caire
36%
Téhéran
31%
Istanbul
28%
Riyad
26%
Bagdad
21%
Ankara
18%
Alexandrie
17%
Jeddah
17%
Mashhad
3%
Aucun quiz correspondant
Distribution des résultats
% des personnes avec chaque résultat
Percentile par nombre de réponses
Votre historique - résultats
Vous n’avez pas pris ce quiz